[Event "ROM-ch U10"]
[Site "Calimanesti Caciulata"]
[Date "2016.04.20"]
[Round "3"]
[White "Buca, Dragos Stefan"]
[Black "Ionita, George Calin"]
[Result "1-0"]
[WhiteElo "1185"]
[BlackElo "1031"]
[PlyCount "35"]
[EventDate "2016.04.18"]
[EventType "swiss"]
[EventRounds "9"]
[EventCountry "ROU"]
[SourceTitle "CBM 172 Extra"]
[Source "ChessBase"]
[SourceDate "2016.06.21"]
[SourceVersion "1"]
[SourceVersionDate "2016.06.21"]
[SourceQuality "1"]

1. e4 e5 2. Nc3 Nc6 3. f4 exf4 4. Nf3 g5 5. Bc4 g4 6. Ng1 Qh4+ 7. Kf1 Bc5 8. Qe1 g3 9. Nf3 Qg4 10. hxg3 fxg3 11. Rh4 Qg6 12. Rf4 f6 13. d3 Bf2 14. Qe2 Ne5 15. Nxe5 Qh6 16. Bf7+ Kf8 17. Qh5 fxe5 18. Bxg8+ 1-0

[Event "ROM-ch U08"]
[Site "Calimanesti"]
[Date "2014.04.10"]
[Round "6"]
[White "Ionita, George Calin"]
[Black "Coroiu, Alexandru"]
[Result "0-1"]
[WhiteElo "1001"]
[BlackElo "1012"]
[PlyCount "54"]
[EventDate "2014.04.06"]
[EventType "swiss"]
[EventRounds "9"]
[EventCountry "ROU"]
[SourceTitle "CBM 160 Extra"]
[Source "ChessBase"]
[SourceDate "2014.07.01"]
[SourceVersion "1"]
[SourceVersionDate "2014.07.01"]
[SourceQuality "1"]

1. e4 e5 2. Nf3 Nc6 3. Nc3 Nf6 4. Bc4 Nxe4 5. Nxe4 d5 6. Bd3 dxe4 7. Bxe4 Bd6 8. 0-0 Be6 9. d4 exd4 10. Nxd4 Nxd4 11. Qxd4 Qd7 12. Bxb7 Bxh2+ 13. Kxh2 Qxd4 14. Bxa8 Qh4+ 15. Kg1 0-0 16. Bb7 Qb4 17. Bf3 Bg4 18. Bxg4 Qxg4 19. Bd2 h5 20. f3 Qg3 21. Be1 Qf4 22. g3 Qd4+ 23. Bf2 Qxb2 24. Bxa7 Qxc2 25. Rac1 Qxa2 26. Rxc7 Qa6 27. Rfc1 Qa2 0-1